| 000 | 00544nam a2200217 i 4500 | ||
|---|---|---|---|
| 001 | bg | ||
| 100 | 1 | _aSTRNAD, Zdenek | |
| 245 | 0 |
_aGlass-ceramic materials / _cZdenek Strand. |
|
| 260 |
_aAmsterdam : _bElsevier, _c1986. |
||
| 490 | 1 |
_aGlass Science and Technology ; _v8 |
|
| 650 | 9 | _aSzkło | |
| 650 | 9 | _aCeramika | |
| 830 | _aGlass Science and Technology ; | ||
| 020 | _a0444995242 | ||
| 040 | _cBPK | ||
| 041 | _apol | ||
| 080 | _a666.3/.7 | ||
| 920 | _a0-444-99524-2 | ||
| 942 | _cKS | ||
| 008 | s pl f |000 0 pol | ||
| 999 |
_c23944 _d23944 |
||
| 856 |
_uhttp://koha.tu.koszalin.pl/cgi-bin/koha/opac-detail.pl?biblionumber=23944 _yKatalog online BPK |
||